[Event "It"]
[Site "Biel SUI"]
[Date "2003.07.28"]
[Round "7"]
[White "Pelletier,Y"]
[Black "Lutz,C"]
[Result "1-0"]
[WhiteElo "2602"]
[BlackElo "2631"]
[EventDate "2003.07.21"]

1. d4 Nf6 2. c4 e6 3. Nc3 Bb4 4. e3 O-O 5. Bd3 d5 6. Nf3 c5 7. O-O Nc6 8.
a3 Bxc3 9. bxc3 dxc4 10. Bxc4 Qc7 11. Bb2 e5 12. h3 Bf5 13. Qe2 h6 14. Bb5
e4 15. Nd2 Na5 16. c4 Bg6 17. Rfc1 cxd4 18. exd4 Nh5 19. d5 Nf4 20. Qe3 Nd3
21. Bc3 a6 22. Qd4 f6 23. Ba4 Rac8 24. d6 Qc5 25. Qxc5 Rxc5 26. Bb4 Rd8 27.
Bc2 Re5 28. Bxd3 exd3 29. f4 Rh5 30. Kh2 b6 31. g4 Rc5 32. Bxc5 bxc5 33.
Rab1 Rxd6 34. Rb8+ Kh7 35. Rc8 Re6 36. Rd1 Re2+ 37. Kg1 f5 38. gxf5 Bh5 39.
f6 gxf6 40. Rxc5 Rxd2 41. Rxd2 1-0